<?xml version="1.0" encoding="UTF-8"?>
<record
    xmlns:xsi="http://www.w3.org/2001/XMLSchema-instance"
    xsi:schemaLocation="http://www.loc.gov/MARC21/slim http://www.loc.gov/standards/marcxml/schema/MARC21slim.xsd"
    xmlns="http://www.loc.gov/MARC21/slim">

  <leader>00578cam a2200193   4500</leader>
  <datafield tag="999" ind1=" " ind2=" ">
    <subfield code="c">101846</subfield>
    <subfield code="d">101846</subfield>
  </datafield>
  <controlfield tag="005">20180413101255.0</controlfield>
  <controlfield tag="008">       1994                        spa  </controlfield>
  <datafield tag="020" ind1=" " ind2=" ">
    <subfield code="a">9688352659</subfield>
  </datafield>
  <datafield tag="050" ind1=" " ind2="4">
    <subfield code="a">D16.7 </subfield>
    <subfield code="b">V44 1994</subfield>
  </datafield>
  <datafield tag="100" ind1="1" ind2=" ">
    <subfield code="a">Velazquez Mejia, Manuel</subfield>
  </datafield>
  <datafield tag="245" ind1=" " ind2="0">
    <subfield code="a">Mythos y utopia como estructura de la historia :</subfield>
    <subfield code="b">historia y filosof&#xED;a de-s-de Am&#xE9;rica Latina /</subfield>
    <subfield code="c">Manuel Velazquez Mejia.conciencia, </subfield>
  </datafield>
  <datafield tag="260" ind1=" " ind2=" ">
    <subfield code="a">M&#xE9;xico :</subfield>
    <subfield code="b">UNAM,</subfield>
    <subfield code="c">1994</subfield>
  </datafield>
  <datafield tag="300" ind1=" " ind2=" ">
    <subfield code="a">5 v.</subfield>
    <subfield code="c">21 cm.</subfield>
  </datafield>
  <datafield tag="500" ind1=" " ind2=" ">
    <subfield code="a">5 ejem.</subfield>
  </datafield>
  <datafield tag="505" ind1=" " ind2=" ">
    <subfield code="a">Contenido V.1- Conciencia, historia y filosof&#xED;a de-s-de Am&#xE9;rica latina.Primera parte.-- V.2.- Conciencia, historia y filosof&#xED;a de-s-de Am&#xE9;rica latina. Segunda parte. </subfield>
  </datafield>
  <datafield tag="650" ind1=" " ind2="4">
    <subfield code="a">Filosofia</subfield>
    <subfield code="x">Historia</subfield>
  </datafield>
  <datafield tag="942" ind1=" " ind2=" ">
    <subfield code="2">lcc</subfield>
    <subfield code="c">LIB</subfield>
  </datafield>
  <datafield tag="952" ind1=" " ind2=" ">
    <subfield code="1">0</subfield>
    <subfield code="2">lcc</subfield>
    <subfield code="4">0</subfield>
    <subfield code="7">0</subfield>
    <subfield code="a">LIC-020</subfield>
    <subfield code="b">LIC-020</subfield>
    <subfield code="c">GENERAL</subfield>
    <subfield code="d">2015-10-30</subfield>
    <subfield code="f">1a ed.</subfield>
    <subfield code="i">H</subfield>
    <subfield code="k">EH</subfield>
    <subfield code="o">D16.7 V44 1994 </subfield>
    <subfield code="p">BFF000005963</subfield>
    <subfield code="r">2015-10-30 00:00:00</subfield>
    <subfield code="t">C:1 V.1</subfield>
    <subfield code="y">LIB</subfield>
  </datafield>
  <datafield tag="952" ind1=" " ind2=" ">
    <subfield code="1">0</subfield>
    <subfield code="2">lcc</subfield>
    <subfield code="4">0</subfield>
    <subfield code="7">0</subfield>
    <subfield code="a">LIC-020</subfield>
    <subfield code="b">LIC-020</subfield>
    <subfield code="c">GENERAL</subfield>
    <subfield code="d">2015-10-30</subfield>
    <subfield code="f">1a ed.</subfield>
    <subfield code="i">H</subfield>
    <subfield code="k">EH</subfield>
    <subfield code="o">D16.7 V44 1994 </subfield>
    <subfield code="p">BFF000005964</subfield>
    <subfield code="r">2015-10-30 00:00:00</subfield>
    <subfield code="t">C:2 V.1</subfield>
    <subfield code="y">LIB</subfield>
  </datafield>
  <datafield tag="952" ind1=" " ind2=" ">
    <subfield code="1">0</subfield>
    <subfield code="2">lcc</subfield>
    <subfield code="4">0</subfield>
    <subfield code="7">0</subfield>
    <subfield code="a">LIC-020</subfield>
    <subfield code="b">LIC-020</subfield>
    <subfield code="c">GENERAL</subfield>
    <subfield code="d">2015-10-30</subfield>
    <subfield code="f">1a ed.</subfield>
    <subfield code="i">H</subfield>
    <subfield code="k">EH</subfield>
    <subfield code="o">D16.7 V44 1996</subfield>
    <subfield code="p">BFF000027625</subfield>
    <subfield code="r">2015-10-30 00:00:00</subfield>
    <subfield code="t">C:3  V.1</subfield>
    <subfield code="y">LIB</subfield>
  </datafield>
  <datafield tag="952" ind1=" " ind2=" ">
    <subfield code="1">0</subfield>
    <subfield code="2">lcc</subfield>
    <subfield code="4">0</subfield>
    <subfield code="7">0</subfield>
    <subfield code="a">LIC-020</subfield>
    <subfield code="b">LIC-020</subfield>
    <subfield code="c">GENERAL</subfield>
    <subfield code="d">2015-10-30</subfield>
    <subfield code="f">1a ed.</subfield>
    <subfield code="i">H</subfield>
    <subfield code="k">EH</subfield>
    <subfield code="o">D16.7 V44 1996</subfield>
    <subfield code="p">BFF000005965</subfield>
    <subfield code="r">2015-10-30 00:00:00</subfield>
    <subfield code="t">C:2 V.2</subfield>
    <subfield code="y">LIB</subfield>
  </datafield>
  <datafield tag="952" ind1=" " ind2=" ">
    <subfield code="1">0</subfield>
    <subfield code="2">lcc</subfield>
    <subfield code="4">0</subfield>
    <subfield code="7">0</subfield>
    <subfield code="a">LIC-020</subfield>
    <subfield code="b">LIC-020</subfield>
    <subfield code="c">GENERAL</subfield>
    <subfield code="d">2015-10-30</subfield>
    <subfield code="f">1a ed.</subfield>
    <subfield code="i">H</subfield>
    <subfield code="k">EH</subfield>
    <subfield code="o">D16.7 V44 1996</subfield>
    <subfield code="p">BFF000005966</subfield>
    <subfield code="r">2015-10-30 00:00:00</subfield>
    <subfield code="t">C:1 V.2</subfield>
    <subfield code="y">LIB</subfield>
  </datafield>
</record>
